[Event "St Veit op 41st"]
[Site "St Veit"]
[Date "2022.07.15"]
[Round "8"]
[White "Besner, Bernhard"]
[Black "Rogic, Davor"]
[Result "0-1"]
[WhiteElo "2164"]
[BlackElo "2474"]
[PlyCount "38"]
[EventDate "2022.07.09"]
[EventType "swiss"]
[EventRounds "9"]
[EventCountry "AUT"]
[SourceTitle "CBM 209 Extra"]
[Source "ChessBase"]
[SourceDate "2022.09.30"]
[SourceVersion "1"]
[SourceVersionDate "2022.09.30"]
[SourceQuality "1"]

1. e4 e5 2. Nf3 Nc6 3. Bc4 Bc5 4. c3 Nf6 5. d4 exd4 6. 0-0 Nxe4 7. cxd4 d5 8. dxc5 dxc4 9. Qe2 Qd3 10. Re1 f5 11. Nc3 0-0 12. Nxe4 fxe4 13. Qxe4 Bf5 14. Qh4 Rae8 15. Bf4 Be4 16. Rad1 Bxf3 17. gxf3 Rxe1+ 18. Rxe1 Nd4 19. Re3 Qxe3 0-1

[Event "AUT-chT2W 1920"]
[Site "Austria"]
[Date "2020.01.17"]
[Round "6.2"]
[White "Besner, Bernhard"]
[Black "Seresin, Francesco"]
[Result "1/2-1/2"]
[WhiteElo "2155"]
[BlackElo "2362"]
[PlyCount "67"]
[EventDate "2019.10.04"]
[EventType "team-tourn"]
[EventRounds "11"]
[EventCountry "AUT"]
[SourceTitle "CBM 195 Extra"]
[Source "ChessBase"]
[SourceDate "2020.05.31"]
[SourceVersion "1"]
[SourceVersionDate "2020.05.31"]
[SourceQuality "1"]
[WhiteTeam "Salzburg ASK"]
[BlackTeam "Kufstein/Woergl"]
[WhiteTeamCountry "AUT"]
[BlackTeamCountry "AUT"]

1. e4 c6 2. d4 d5 3. exd5 cxd5 4. c4 Nf6 5. Nc3 Nc6 6. Nf3 Bg4 7. cxd5 Nxd5 8. Qb3 Bxf3 9. gxf3 Nb6 10. Be3 e6 11. 0-0-0 Qc7 12. Kb1 Be7 13. d5 Nxd5 14. Nxd5 exd5 15. Rxd5 0-0 16. Bd3 Nb4 17. Rh5 Nxd3 18. Qxd3 g6 19. Rc1 Qb8 20. Bh6 Rd8 21. Qc3 Bf8 22. Bxf8 Rxf8 23. Qe3 Rc8 24. Rg1 Qc7 25. Qh6 f6 26. Rh4 Qc2+ 27. Ka1 Rc7 28. Rhg4 Rg7 29. Qe3 Rc8 30. a3 Qc5 31. Rd4 Re7 32. Rd8+ Kf7 33. Rxc8 Qxc8 34. Qxa7 1/2-1/2

[Event "Oberbayern Bezirksliga 1718"]
[Site "Germany"]
[Date "2017.12.10"]
[Round "4.2"]
[White "Selimi, Arben"]
[Black "Besner, Bernhard"]
[Result "0-1"]
[WhiteElo "1920"]
[BlackElo "2088"]
[PlyCount "126"]
[EventDate "2017.10.22"]
[EventType "team-tourn"]
[EventRounds "9"]
[EventCountry "GER"]
[SourceTitle "EXT 2019"]
[Source "ChessBase"]
[SourceDate "2018.10.10"]
[SourceVersion "1"]
[SourceVersionDate "2018.10.10"]
[SourceQuality "1"]
[WhiteTeam "Dorfen"]
[BlackTeam "Freilassing"]
[WhiteTeamCountry "GER"]
[BlackTeamCountry "GER"]

1. d4 d5 2. e3 Nf6 3. Nf3 e6 4. Bd3 c5 5. c4 Nc6 6. 0-0 dxc4 7. Bxc4 a6 8. a4 cxd4 9. exd4 Be7 10. Nc3 0-0 11. Bf4 Nb4 12. Qe2 Re8 13. Rfd1 Nbd5 14. Be5 Bd7 15. Bxf6 Bxf6 16. Ne5 Nxc3 17. bxc3 Rc8 18. Nxd7 Qxd7 19. Rdc1 Qc7 20. Bd3 Bxd4 21. Bxh7+ Kxh7 22. Qd3+ Kg8 23. Qxd4 Red8 24. Qe4 Rd5 25. Rab1 Qc6 26. Qb4 a5 27. Qh4 Qc4 28. Qe7 Qxa4 29. Qxb7 Rxc3 30. Qa8+ Kh7 31. Re1 Qf4 32. Ra1 Rc2 33. Rf1 Rf5 34. Qa7 Rcc5 35. Ra3 Rh5 36. g3 Qf5 37. h4 Qg6 38. Ra4 Rb5 39. Rfa1 Qf5 40. Rf4 Rb1+ 41. Rxb1 Qxb1+ 42. Kh2 Rf5 43. Rxf5 Qxf5 44. f4 Kg6 45. Kg2 Qd5+ 46. Kh2 Qb5 47. g4 Qe2+ 48. Kg3 Qd3+ 49. Kg2 Qe2+ 50. Kg3 Qe1+ 51. Kh3 Qc3+ 52. Kg2 f6 53. h5+ Kh7 54. Qf7 Qd2+ 55. Kf3 Qd5+ 56. Kg3 Qe4 57. f5 Qe1+ 58. Kf3 exf5 59. gxf5 Qf1+ 60. Ke4 Qe2+ 61. Kf4 Qe5+ 62. Kg4 Qe4+ 63. Kg3 Qxf5 0-1

[Event "AUT-chT2W 1617"]
[Site "Austria"]
[Date "2016.10.29"]
[Round "2.2"]
[White "Galyas, Miklos"]
[Black "Besner, Bernhard"]
[Result "1-0"]
[WhiteElo "2467"]
[BlackElo "2141"]
[PlyCount "91"]
[EventDate "2016.10.28"]
[EventType "team-tourn"]
[EventRounds "11"]
[EventCountry "AUT"]
[SourceTitle "EXT 2018"]
[Source "ChessBase"]
[SourceDate "2017.10.13"]
[SourceVersion "1"]
[SourceVersionDate "2017.10.13"]
[SourceQuality "1"]
[WhiteTeam "Ranshofen"]
[BlackTeam "Salzburg ASK"]
[WhiteTeamCountry "AUT"]
[BlackTeamCountry "AUT"]

1. c4 e6 2. g3 d5 3. Bg2 dxc4 4. Qa4+ Nd7 5. Nf3 a6 6. Qxc4 b5 7. Qc2 Bb7 8. 0-0 Ngf6 9. Nc3 Bd6 10. a4 b4 11. Nd1 Rb8 12. b3 0-0 13. Bb2 Nc5 14. Ne3 Re8 15. Nc4 Ncd7 16. d3 e5 17. e4 Qe7 18. Rae1 c5 19. Nxd6 Qxd6 20. Nd2 a5 21. Nc4 Qc7 22. f4 exf4 23. gxf4 Re7 24. e5 Ne8 25. f5 f6 26. e6 Nb6 27. Nxa5 Bxg2 28. Qxg2 Rc8 29. Nc4 Rd8 30. Rd1 Nd5 31. d4 Nc3 32. Bxc3 bxc3 33. d5 Nd6 34. Qg3 c2 35. Rc1 Nxc4 36. Qxc7 Rxc7 37. bxc4 Ra7 38. Rxc2 Rxa4 39. Rb1 Ra7 40. Rcb2 Kf8 41. Rb7 Rxb7 42. Rxb7 Rd6 43. Rf7+ Ke8 44. Rxg7 Kf8 45. Rxh7 Ra6 46. Rc7 1-0

[Event "AUT-chT2W 1516"]
[Site "Austria"]
[Date "2016.03.06"]
[Round "11.2"]
[White "Besner, Bernhard"]
[Black "Heinrich, Thomas1111"]
[Result "0-1"]
[WhiteElo "2211"]
[BlackElo "2144"]
[PlyCount "98"]
[EventDate "2015.10.16"]
[EventType "team-tourn"]
[EventRounds "11"]
[EventCountry "AUT"]
[SourceTitle "EXT 2017"]
[Source "ChessBase"]
[SourceDate "2016.10.25"]
[SourceVersion "1"]
[SourceVersionDate "2016.10.25"]
[SourceQuality "1"]
[WhiteTeam "Salzburg"]
[BlackTeam "Voels/Innsbruck"]
[WhiteTeamCountry "AUT"]
[BlackTeamCountry "AUT"]

1. e4 c6 2. d4 d5 3. exd5 cxd5 4. c4 Nf6 5. Nc3 Nc6 6. Nf3 Bg4 7. cxd5 Nxd5 8. Qb3 Bxf3 9. gxf3 e6 10. Qxb7 Nxd4 11. Bb5+ Nxb5 12. Qc6+ Ke7 13. Qxb5 Nxc3 14. bxc3 Qd7 15. Qe2 f6 16. 0-0 Kf7 17. Be3 Be7 18. Rfd1 Qc6 19. Rd3 Rhd8 20. Rad1 Qa6 21. f4 Rxd3 22. Rxd3 Qb5 23. Bd4 Qf5 24. Re3 Rd8 25. Bxa7 Qb1+ 26. Kg2 Qb7+ 27. Qf3 Qxa7 28. Qh5+ Kg8 29. Rxe6 Bf8 30. Qe2 Qb7+ 31. Qf3 Qxf3+ 32. Kxf3 Ra8 33. Re2 Ra3 34. Rc2 Bb4 35. f5 Rxc3+ 36. Rxc3 Bxc3 37. Ke4 Kf7 38. Kd5 g6 39. Ke4 Ke7 40. f3 Kd6 41. h3 Kc5 42. f4 Be1 43. fxg6 hxg6 44. a3 Kc4 45. f5 g5 46. a4 Ba5 47. Kf3 Kd3 48. Kg4 Ke4 49. h4 gxh4 0-1

[Event "Graz op"]
[Site "Graz"]
[Date "2015.09.06"]
[Round "9"]
[White "Toelly, Michael"]
[Black "Besner, Bernhard"]
[Result "0-1"]
[WhiteElo "1964"]
[BlackElo "2188"]
[PlyCount "36"]
[EventDate "2015.08.29"]
[EventType "swiss"]
[EventRounds "9"]
[EventCountry "AUT"]
[SourceTitle "EXT 2016"]
[Source "ChessBase"]
[SourceDate "2015.10.08"]
[SourceVersion "1"]
[SourceVersionDate "2015.10.08"]
[SourceQuality "1"]

1. e4 d5 2. exd5 Qxd5 3. Nc3 Qa5 4. d4 Nf6 5. Nf3 Bg4 6. h3 Bxf3 7. Qxf3 c6 8. Bc4 e6 9. 0-0 Nbd7 10. Bf4 Be7 11. Rad1 0-0 12. Rfe1 Rfe8 13. a3 Nb6 14. Ba2 Qf5 15. Re5 Qxc2 16. Rd2 Qc1+ 17. Rd1 Qxb2 18. Re2 Qxa3 0-1

[Event "Graz op"]
[Site "Graz"]
[Date "2015.09.04"]
[Round "7"]
[White "Titz, Heimo"]
[Black "Besner, Bernhard"]
[Result "1-0"]
[WhiteElo "2159"]
[BlackElo "2188"]
[PlyCount "107"]
[EventDate "2015.08.29"]
[EventType "swiss"]
[EventRounds "9"]
[EventCountry "AUT"]
[SourceTitle "EXT 2016"]
[Source "ChessBase"]
[SourceDate "2015.10.08"]
[SourceVersion "1"]
[SourceVersionDate "2015.10.08"]
[SourceQuality "1"]

1. c4 e6 2. d4 d5 3. Nc3 c5 4. cxd5 exd5 5. Nf3 Nc6 6. g3 Nf6 7. Bg2 Be7 8. 0-0 0-0 9. dxc5 Bxc5 10. Bg5 d4 11. Ne4 Be7 12. Bxf6 Bxf6 13. Rc1 Be7 14. Ne1 Qb6 15. Nd3 Bf5 16. a3 Rfe8 17. Nec5 Rac8 18. b4 Nd8 19. Qa4 Kf8 20. Nd7+ Bxd7 21. Qxd7 Nc6 22. Bxc6 Rxc6 23. Rxc6 Qxc6 24. Qxc6 bxc6 25. Rc1 Bg5 26. f4 Bf6 27. Kf2 Re6 28. Rc5 Bd8 29. Ne5 d3 30. Ke1 Bb6 31. Rxc6 Bf2+ 32. Kd2 dxe2 33. Kxe2 Bg1 34. Rxe6 fxe6 35. Nf3 Bb6 36. Kd3 Ke7 37. Ke4 Kd6 38. g4 Bf2 39. h4 Bb6 40. h5 a6 41. Nd4 g6 42. hxg6 hxg6 43. Nf3 Bf2 44. Ne5 g5 45. Nf7+ Ke7 46. Nxg5 Be1 47. Nf3 Bc3 48. Ne5 Kd6 49. g5 Ke7 50. a4 Kd6 51. b5 axb5 52. axb5 Ke7 53. b6 Kd6 54. g6 1-0

[Event "Graz op"]
[Site "Graz"]
[Date "2015.09.03"]
[Round "6"]
[White "Besner, Bernhard"]
[Black "Marzano, Carlo"]
[Result "1/2-1/2"]
[WhiteElo "2188"]
[BlackElo "2129"]
[PlyCount "150"]
[EventDate "2015.08.29"]
[EventType "swiss"]
[EventRounds "9"]
[EventCountry "AUT"]
[SourceTitle "EXT 2016"]
[Source "ChessBase"]
[SourceDate "2015.10.08"]
[SourceVersion "1"]
[SourceVersionDate "2015.10.08"]
[SourceQuality "1"]

1. e4 e5 2. Nf3 Nf6 3. Nxe5 Nxe4 4. Qe2 Qe7 5. Qxe4 d6 6. d4 dxe5 7. dxe5 Nc6 8. Bb5 Bd7 9. Nc3 0-0-0 10. Bf4 g5 11. Be3 a6 12. Bxc6 Bxc6 13. Qf5+ Rd7 14. 0-0 Bg7 15. Bxg5 Qxe5 16. Qxe5 Bxe5 17. Be3 Rg8 18. f3 Re8 19. Rfe1 Bxc3 20. bxc3 Rde7 21. Kf2 Bb5 22. Rad1 Ba4 23. Rd2 Rd7 24. Rxd7 Kxd7 25. Rd1+ Kc8 26. Rd2 Rd8 27. Re2 Bb5 28. Re1 Ba4 29. Rc1 Bb5 30. a3 Re8 31. Rd1 Rd8 32. Rd4 Rxd4 33. cxd4 Kd7 34. Bf4 Ba4 35. c3 Bb3 36. Ke3 c6 37. h4 Ke6 38. Bc7 b5 39. Kf4 f6 40. Kg4 Kf7 41. Bd8 Kg6 42. Kf4 Kf7 43. g3 Bc2 44. g4 Ke6 45. Ke3 Bd1 46. Ba5 Bb3 47. f4 f5 48. g5 Bd1 49. Kd2 Bf3 50. Kc2 Kd5 51. Kb3 c5 52. Bb6 Bd1+ 53. Kb2 cxd4 54. Bxd4 a5 55. a4 Kc4 56. axb5 Kxb5 57. Ka3 Bh5 58. Be5 Be8 59. Bc7 a4 60. Bd6 Bh5 61. Bb4 Be8 62. Bd6 Bh5 63. Be5 Be8 64. Bf6 Bh5 65. Bg7 Be8 66. Be5 Bh5 67. c4+ Kxc4 68. Kxa4 Kd5 69. Kb5 Ke6 70. Kc6 Kf7 71. Kd6 Kg6 72. Bd4 Bd1 73. Ke7 Bh5 74. Ke6 Bg4 75. Be5 Bh5 1/2-1/2

[Event "Graz op"]
[Site "Graz"]
[Date "2015.08.31"]
[Round "3"]
[White "Kokol, Peter"]
[Black "Besner, Bernhard"]
[Result "1/2-1/2"]
[WhiteElo "2371"]
[BlackElo "2188"]
[PlyCount "113"]
[EventDate "2015.08.29"]
[EventType "swiss"]
[EventRounds "9"]
[EventCountry "AUT"]
[SourceTitle "EXT 2016"]
[Source "ChessBase"]
[SourceDate "2015.10.08"]
[SourceVersion "1"]
[SourceVersionDate "2015.10.08"]
[SourceQuality "1"]

1. g3 d5 2. Bg2 e5 3. d3 Nf6 4. Nd2 c6 5. b3 Bc5 6. e3 0-0 7. Bb2 Re8 8. Ne2 Bg4 9. h3 Bh5 10. g4 Bg6 11. Ng3 h6 12. Qe2 Nbd7 13. e4 dxe4 14. dxe4 Nh7 15. Rd1 Ng5 16. 0-0 Ne6 17. Nc4 Nf4 18. Qf3 f6 19. Nd6 Bxd6 20. Rxd6 Qc7 21. Rfd1 Nc5 22. b4 Nce6 23. Rd7 Qb6 24. Nf5 Qxb4 25. Qb3 Qxb3 26. axb3 Nxg2 27. Kxg2 Bxf5 28. exf5 Nc5 29. R7d6 Ne4 30. R6d3 Nc5 31. Rd6 Ne4 32. R6d3 Nc5 33. Rc3 Ne4 34. Re3 Ng5 35. Rd7 Rab8 36. h4 Nf7 37. Ba3 Red8 38. Red3 e4 39. Rxd8+ Rxd8 40. Rxd8+ Nxd8 41. Kg3 Nf7 42. Kf4 Ne5 43. Bb2 Nf3 44. Kxe4 Nxh4 45. Bc3 Kf7 46. Kf4 g5+ 47. Kg3 a6 48. Bd4 h5 49. f3 hxg4 50. fxg4 Ke7 51. Kf2 Kf7 52. Bc5 Kg7 53. b4 Kf7 54. c4 b5 55. cxb5 axb5 56. Bd6 Ke8 57. Bc5 1/2-1/2

[Event "AUT-chT2W 1314"]
[Site "Austria"]
[Date "2013.10.19"]
[Round "2.5"]
[White "Knechtel, Roland"]
[Black "Besner, Bernhard"]
[Result "1-0"]
[WhiteElo "2206"]
[BlackElo "2201"]
[PlyCount "47"]
[EventDate "2013.10.18"]
[EventType "team-tourn"]
[EventRounds "11"]
[EventCountry "AUT"]
[SourceTitle "EXT 2014"]
[Source "ChessBase"]
[SourceDate "2013.11.20"]
[SourceVersion "1"]
[SourceVersionDate "2013.11.20"]
[SourceQuality "1"]
[WhiteTeam "Ranshofen"]
[BlackTeam "ASK"]
[WhiteTeamCountry "AUT"]
[BlackTeamCountry "AUT"]

1. d4 d5 2. c4 e6 3. cxd5 exd5 4. Nc3 c5 5. Nf3 Nc6 6. dxc5 d4 7. Ne4 Bf5 8. Ng3 Be6 9. e4 Bxc5 10. a3 Nf6 11. Bd3 0-0 12. 0-0 Bg4 13. h3 Bxf3 14. gxf3 Ne5 15. f4 Ng6 16. Nf5 Re8 17. Qf3 Rc8 18. Bd2 Ne7 19. e5 Nfd5 20. h4 Bb6 21. Nd6 f5 22. Bxf5 Nc7 23. Qb3+ Ned5 24. Bxc8 1-0